Human knowledge : its scope and limits /

Este libro es un ensayo filosófico sobre el objeto y límites del conocimiento humano. Contenido: El Mundo de la Ciencia; Lenguaje; Ciencia y Persepción; Conceptos Científicos; Probabilidad; Postulados de la Inferencia

Збережено в:
Бібліографічні деталі
Автор: Russell, Bertrand (autor)
Формат: Книга
Мова:Англійська
Опубліковано: Nueva York, EUA : Simon and Schuster, 1948
Редагування:3a edición
Предмети:
Теги: Додати тег
Немає тегів, Будьте першим, хто поставить тег для цього запису!

MARC

LEADER 00000nam^a2200000^a^4500
001 000001656
005 20250521000000.0
009 20260310083116.726
037 |a Acervo ITESO - Biblioteca 
041 |a ING 
082 |a 121.  |b RUS 
100 |a Russell, Bertrand  |e (autor) 
245 1 0 |a Human knowledge :  |b its scope and limits /  |c B. Russell. 
250 |a 3a edición 
264 1 |a Nueva York, EUA :  |b Simon and Schuster,  |c 1948 
300 |a 524 p. 
336 |a texto  |b txt  |2 rdacontenido 
337 |a sin mediación  |b n  |2 rdamedio 
338 |a volumen  |b nc  |2 rdasoporte 
520 |a Este libro es un ensayo filosófico sobre el objeto y límites del conocimiento humano. Contenido: El Mundo de la Ciencia; Lenguaje; Ciencia y Persepción; Conceptos Científicos; Probabilidad; Postulados de la Inferencia 
649 |a XX 
650 |a Filosofía 
650 |a Epistemología 
910 |a Fondo General 
920 |a Impresos - Libros 
930 |a Colección General 
905 |a 101 
901 |a 0016560100  |b IT1  |c ACC  |i 001656  |u 20250521 
902 |a https://opac.biblio.iteso.mx/vufind/Record/000001656